| 000 | 00856nam a2200229Ia 4500 | ||
|---|---|---|---|
| 999 |
_c55921 _d55921 |
||
| 001 | 23019 | ||
| 003 | GE_BSU | ||
| 005 | 20230627162113.0 | ||
| 008 | 181216s1976||||ge |||||||||||||| ||geo|| | ||
| 040 | _cGE_BSU | ||
| 041 | _ageo | ||
| 080 | _a821.353.1.09-1 + 811.353.1:801.6 ხ-56 | ||
| 100 |
_aხინთიბიძე, ა. _919011 |
||
| 245 |
_aქართული ლექსის ბუნებისათვის / _cა. ხინთიბიძე. |
||
| 264 |
_aთბილისი : _bუნ-ტის გამ-ბა, _c1976. |
||
| 300 |
_a70 გვ. ; _c19 სმ. |
||
| 541 | _h0.82 თ. | ||
| 653 | _aქართული ლექსის ბუნებისათვის | ||
| 653 | _aქართული პოეზია | ||
| 653 | _aქართული ლექსთწყობა | ||
| 942 |
_cBK _2udc |
||